00322nam a2200121Ia 450000500170000000800410001708200130005810000130007124500330008426000450011730000120016265000260017420250317163144.0240331s9999 xx 000 0 und d bJEGa894 aJekatha, 0aKadavulai kathalitha kanniar aChennaibRam Prasanth Publicationsc2003 a80 p ., aKavithai Vilaka oorai